000 00296nam a22001337a 4500
008 170714b xxu||||| |||| 00| 0 eng d
020 _a0826400930
041 _aeng
080 _a101
100 _a24
101 _aFJA
245 _aDIALECTIC OF ENGLIGHTENMENT
_cHORKHEIMER,M
942 _2udc
_cBK
999 _c20761
_d20761